000 00443nam a2200181Ia 4500
001 22858
005 20260414150859.0
008 260414t2010||||xx |||||||||||||| ||spa||
041 _aESP
082 _a624.15136
_bJ72
100 _aJones, Colin J. F. P.
_eAUT
245 0 _aEarth reinforcement and soil structures
_b
260 _c2010
300 _a379 páginas :
_c25 cm.
650 _a0
654 _aCIC
942 _cLIB
_dJUS
_fJUS
_2ddc
_n
999 _c22858
_d22858